00749nam a2200241 a 450000100060000000300080000600500170001400800410003103500190007204000300009104100170012108200240013810000260016224500620018825000260025026000520027630000350032850000430036350000220040650400300042865000250045870000240048356348BD-RjUL20211209080402.0161128s1971 paua b 001 0 eng  a(BD-RjUL)56472 aLCbengcBD-RjULdABN-SNR0 aengfreitalat04223a535.5bSHP 1971 aShurcliff, William A 00aPolarized light /cWilliam A Shurcliff; Stanley S Ballard aEast West Student ed. aNew York :bdistributed by Halsted Press,c1971 axiii, 418 p. :bill. ;c26 cm. aIn English, French, Italian and Latin. aIncludes indexes. aBibliography: p. 373-407. 0aPolarization (Light)1 a Ballard, Stanley S